000 00536pab a2200181 454500
008 180718b2001 xxu||||| |||| 00| 0 eng d
100 _aBoheim, Rene
245 _aPartnership dissolution in the UK - the role of economic circumstances
260 _c2001
300 _ap.197-208
362 _aMay
650 _aDivorce - Great Britain
650 _aFamily disorganization - Great Britain
650 _aFamily disorganization
700 _aErmisch, John
773 _aOxford Bulletin of Economics and Statistics
909 _a49117
999 _c49117
_d49117